| 000 | 00867cam a22002651 4500 | ||
|---|---|---|---|
| 001 | sd 49000329 | ||
| 003 | DLC | ||
| 005 | 20260227112735.0 | ||
| 008 | 901001s1944 dcu 000 0 eng c | ||
| 010 | _asd 49000329 | ||
| 035 | _a(OCoLC)22454904 | ||
| 040 |
_aU.S. Dept of State. Library _cCSt-H _dDLC |
||
| 042 | _apremarc | ||
| 050 | 0 | 0 |
_aUB250 _b.U33 no. 2543S |
| 082 | _a940.434391 | ||
| 110 | 1 |
_aUnited States. _bOffice of Strategic Services. _bResearch and Analysis Branch. |
|
| 245 | 0 | 0 | _aPolitical hesitation in Hungary. |
| 260 |
_a[Washington] _c1944. |
||
| 300 |
_a3 l. _c27 cm. |
||
| 490 | 1 |
_aIts R & A _v2543S |
|
| 500 | _aCaption title. | ||
| 651 | 0 |
_aHungary _xPolitics and government _y1918-1945. |
|
| 650 | 0 |
_aWorld War, 1939-1945 _zHungary. |
|
| 810 | 1 |
_aUnited States. _bDepartment of State. _bOffice of Intelligence Research. _tR & A ; _v2543S. |
|
| 999 |
_c90008 _d90008 |
||